00799cam a2200193 i 4500003000900000005001700009008004100026040003300067041001300100082002000113100005000133245015400183264006300337300002900400336003600429337003500465600005300500700005200553SA-RiAUC20250911132029.0250907s1974 ti g 00010bara c aSA-JeALMbaracSA-RiAUCerda1 aarahund04a922.1qSA-RiAUC1 aمواعدة، محمد،d1938-eمؤلف.10aمحمد الخضر حسين :bحياته وآثاره 1873-1958 م /cتأليف محمد مواعدة ؛ تقديم المنجي الشملي. 1aتونس :bالدار التونسية للنشر،c1974 a263 صفحة ؛c24 سم aنصbtxt2rdacontent3كتاب aبدون وسيطbn2rdamedia07aمحمد الخضر حسين،d1876-19582aucnm1 aالشملي، منجي،d1931-2016eمقدم.